ISP liability survival guide : (Record no. 18695)

MARC details
000 -LEADER
fixed length control field 01408cam a2200289 a 4500
005 - DATE AND TIME OF LATEST TRANSACTION
control field 20230609114303.0
008 - FIXED-LENGTH DATA ELEMENTS--GENERAL INFORMATION
fixed length control field 000114s2000 nyu 001 0 eng
010 ## - LIBRARY OF CONGRESS CONTROL NUMBER
LC control number 00022256
020 ## - INTERNATIONAL STANDARD BOOK NUMBER
ISBN 0471377481 (pbk. : acidfree paper)
040 ## - CATALOGING SOURCE
Original cataloging agency DLC
Transcribing agency DLC
Modifying agency DLC
043 ## - GEOGRAPHIC AREA CODE
Geographic area code n-us---
082 00 - DEWEY DECIMAL CLASSIFICATION NUMBER
Classification number 343.730
Edition number 21
Item number CAS-I
100 1# - MAIN ENTRY--AUTHOR
Author Name Casey, Timothy D.,
Dates associated with a name 1961-
245 10 - TITLE STATEMENT
Title ISP liability survival guide :
Remainder of title strategies for managing copyright, spam, cache, and privacy regulations /
Statement of responsibility, etc. Timothy D. Casey.
260 ## - PUBLICATION, DISTRIBUTION, ETC.
Place of Publication New York :
Name of publisher, distributor, etc. Wiley & Sons,
Date of publication, distribution, etc. c2000.
300 ## - PHYSICAL DESCRIPTION
Pages xxiii, 263 p. ;
500 ## - GENERAL NOTE
General note Includes index.
650 #0 - SUBJECT ADDED ENTRY--TOPICAL TERM
Subject / Department Internet industry
General subdivision Law and legislation
Geographic subdivision United States.
650 #0 - SUBJECT ADDED ENTRY--TOPICAL TERM
Subject / Department Copyright and electronic data processing
Geographic subdivision United States.
650 #0 - SUBJECT ADDED ENTRY--TOPICAL TERM
Subject / Department Internet service providers.
300 ## - PHYSICAL DESCRIPTION
-- 24 cm.
856 42 -
-- Contributor biographical information
-- http://www.loc.gov/catdir/bios/wiley042/00022256.html
856 42 -
-- Publisher description
-- http://www.loc.gov/catdir/description/wiley034/00022256.html
856 4# -
-- Table of Contents
-- http://www.loc.gov/catdir/toc/onix05/00022256.html
906 ## - LOCAL DATA ELEMENT F, LDF (RLIN)
a 7
b cbc
c orignew
d 1
e ocip
f 20
g y-gencatlg
952 ## - LOCATION AND ITEM INFORMATION (KOHA)
-- 0
-- 0
Holdings
Lost status Damaged status Permanent Location Current Location Shelving Location Date acquired Full Call Number Accession No./Barcode Date last seen item type
    Superior Information Resource Center (SIRC) Superior University- Gold Campus Superior Information Resource Center (SIRC) Superior University- Gold Campus MISC 06/09/2023 343.730 CAS-I 2000 19294 06/23/2023 BOOK

Powered by Koha